| 000 | 00948nam a22002657a 4500 | ||
|---|---|---|---|
| 005 | 20240530110353.0 | ||
| 008 | 141229s2010 ua g 000 0 ara d | ||
| 017 |
_a21751/2009 _bمصر . دار الكتب المصرية |
||
| 020 | _a9789773802566 | ||
| 040 | _aEG-CaGPL | ||
| 041 | 0 | _aara | |
| 082 | 0 | 4 |
_221 _a158\ _bع س |
| 100 | 0 | _aعبدالستار ابراهيم | |
| 245 | 1 | 2 |
_aالسعادة الشخصية فى عالم مشحون بالتوتر و ضغوط الحياة / _cعبدالستار ابراهيم |
| 250 | _aط 2 . المعدلة | ||
| 260 |
_aالقاهرة : _bدار العلوم للنشر والتوزيع ، _c2010 |
||
| 300 |
_a336 ص ؛ _c24 سم |
||
| 504 | _aببليوجرافية : ص 327 - 336 | ||
| 650 | 0 | 4 | _aالتوتر |
| 650 | 0 | 4 | _aالاسترخاء |
| 650 | 0 | 4 | _aالضغوط النفسية |
| 650 | 0 | 4 | _aالسعادة |
| 942 |
_2ddc _cBK |
||
| 999 |
_c60119 _d60119 |
||